| 000 | 00693nam a2200253 u 4500 | ||
|---|---|---|---|
| 999 |
_c63237 _d63237 |
||
| 001 | 63237 | ||
| 003 | Mx-PuUPA | ||
| 005 | 20190704125106.0 | ||
| 008 | 150715s1991 mx r 000 0 spa d | ||
| 020 | _a9789972210495 | ||
| 040 | _cMx-PuUPA | ||
| 082 |
_a863.4 _bSCO |
||
| 100 | 1 |
_aScorza, Manuel, _eautor _92865 |
|
| 245 | 1 | 3 | _aLa danza inmóvil. |
| 250 | _aPrimera edición | ||
| 264 |
_aMéxico : _bSiglo Veintiuno, _c1991 |
||
| 300 |
_a246 páginas ; _c21 cm. |
||
| 336 |
_atexto _2rdacontetn |
||
| 337 |
_asin mediación _2rdamedia |
||
| 338 |
_avolumen _2rdacarrier |
||
| 490 | 0 | _aLa creación literaria | |
| 500 | _aObras completas de Manuel Scorza Volumen 7 | ||
| 942 |
_2ddc _cLI |
||